[Event "2022 Zone 4.4 Individual Chess Championship(Open)"]
[Site "Addis Ababa"]
[Date "2022.05.04"]
[Round "5"]
[Board "10"]
[White "Tilahun, Abel Mathewos"]
[Black "Gole, Habtamu Ashenafi"]
[Result "1-0"]
[WhiteElo "1951"]
[BlackElo "2054"]
[PlyCount "63"]
[EventDate "2022.05.02"]
[EventRounds "9"]
[EventCountry "ETH"]

1. d4 Nf6 2. c4 e6 3. Nf3 Be7 4. Nc3 d5 5. Bf4 O-O 6. e3 a6 7. c5 b6 8. b4 Ne4
9. Rc1 a5 10. a3 axb4 11. axb4 bxc5 12. bxc5 g5 13. Bg3 Nxg3 14. hxg3 f6 15.
Bd3 Rf7 16. Qc2 f5 17. Ne5 Rg7 18. g4 Bf6 19. gxf5 Bxe5 20. dxe5 exf5 21. Nxd5
Ra3 22. Nf6+ Kf7 23. Bc4+ Be6 24. Rd1 Qe7 25. Nh5 Kg6 26. Nxg7 Kxg7 27. Qb2
Bxc4 28. Qxa3 Nc6 29. Qc3 Qe6 30. f4 Kg6 31. Kf2 h5 32. Qd2  1-0

[Event "2022 Zone 4.4 Individual Chess Championship(Open)"]
[Site "Addis Ababa"]
[Date "2022.05.04"]
[Round "5"]
[Board "12"]
[White "Njoroge, Martin"]
[Black "Yirga, Nigussie Mitiku"]
[Result "1-0"]
[WhiteElo "1932"]
[BlackElo "2019"]
[PlyCount "73"]
[EventDate "2022.05.02"]
[EventRounds "9"]
[EventCountry "ETH"]

1. d4 Nf6 2. Nf3 e6 3. c4 b6 4. Nc3 Bb4 5. Qc2 Bb7 6. a3 Bxc3+ 7. Qxc3 Ne4 8.
Qc2 d6 9. e3 Nd7 10. Bd3 f5 11. b4 a5 12. Rb1 O-O 13. O-O Qe8 14. Ne1 axb4 15.
axb4 d5 16. c5 Ndf6 17. Nf3 b5 18. Ne5 c6 19. Bd2 Ra3 20. Ra1 Qa8 21. Qb2 Ra4
22. Rxa4 bxa4 23. Ra1 Qa7 24. Be1 Ra8 25. Ra3 Ne8 26. Qa1 Nc7 27. Bc2 Qa6 28.
Qd1 Nb5 29. Rxa4 Qxa4 30. Bxa4 Nec3 31. Qh5 g6 32. Qh4 Nxa4 33. Qe7 Ba6 34.
Qf7+ Kh8 35. Nxc6 Nac3 36. Qf6+ Kg8 37. Ne7#  1-0

[Event "2022 Zone 4.4 Individual Chess Championship(Open)"]
[Site "Addis Ababa"]
[Date "2022.05.04"]
[Round "5"]
[Board "14"]
[White "Haitham, Mohammed Abdalrasool"]
[Black "Kenea, Endale Mekonnen"]
[Result "1/2-1/2"]
[WhiteElo "1982"]
[BlackElo "1772"]
[PlyCount "21"]
[EventDate "2022.05.02"]
[EventRounds "9"]
[EventCountry "ETH"]

{[%evp 0,21,14,16,16,16,16,8,8,8,53,36,39,28,28,28,28,23,23,12,43,32,32,27]} 1.
e4 e5 2. Nf3 Nc6 3. d4 exd4 4. Nxd4 d6 5. Nxc6 bxc6 6. Bc4 Nf6 7. Nc3 Be7 8.
O-O O-O 9. Bb3 a6 10. Re1 Nd7 11. Be3 {game continue till more than move 90}
 1/2-1/2

[Event "2022 Zone 4.4 Individual Chess Championship(Open)"]
[Site "Addis Ababa"]
[Date "2022.05.04"]
[Round "5"]
[Board "15"]
[White "Adam Bouni, Abdi Rahim"]
[Black "Ali Abdullahi, Farah"]
[Result "0-1"]
[WhiteElo "1322"]
[BlackElo "1944"]
[PlyCount "30"]
[EventDate "2022.05.02"]
[EventRounds "9"]
[EventCountry "ETH"]

1. e4 b6 2. d4 Bb7 3. Nc3 e6 4. a3 d5 5. e5 c5 6. Bb5+ Nc6 7. Nf3 a6 8. Bxc6+
Bxc6 9. O-O Ne7 10. Ne2 Nf5 11. c3 h5 12. Re1 Be7 13. Ng3 g6 14. Nxf5 gxf5 15.
dxc5 bxc5  0-1

[Event "2022 Zone 4.4 Individual Chess Championship(Open)"]
[Site "Addis Ababa"]
[Date "2022.05.04"]
[Round "5"]
[Board "17"]
[White "Asante, Debesai Zerabruk"]
[Black "Adebo, Muhaba Detamo"]
[Result "1-0"]
[WhiteElo "1712"]
[BlackElo "1979"]
[PlyCount "31"]
[EventDate "2022.05.02"]
[EventRounds "9"]
[EventCountry "ETH"]

1. e4 Nf6 2. d3 e5 3. Nf3 Nc6 4. Nc3 d6 5. h3 h6 6. Be3 Be6 7. Qd2 Be7 8. Ne2
d5 9. exd5 Nxd5 10. Nc3 Nxe3 11. fxe3 Bb4 12. a3 Be7 13. O-O-O O-O 14. Kb1 Bf5
15. g4 Bg6 16. e4  1-0